00500nam a22001817a 450000500170000001000150001702000250003203500140005703700090007108200140008010000210009424500680011525000060018326000360018927000560022530000170028170000200029820240401144417.0 aENG-139988 c25.00a9789383657339 aEN-123520 bDBAD a305.5621 aThorat, Sukhadeo aWhy Prejudice against the Reservation Policy?/cSukhadeo Thorat a1 aNew DelhibCritical Questc2017 a420,G-Block, Phase VI, Aya NagarbNew Delhie110047 a32p;c21(pb) aThorat Sukhadeo